Qué es esa cosa llamada ciencia?: una valoración de la naturaleza y el estatuto de la ciencia y sus métodos

Guardat en:
Dades bibliogràfiques
Autor principal: Chalmers, Alan F (Autor)
Format: Llibre
Idioma:espanyol
Publicat: Ciudad de México Siglo Veintiuno 1989
Edició:8a. ed
Col·lecció:Teoría
Matèries:
Etiquetes: Afegir etiqueta
Sense etiquetes, Sigues el primer a etiquetar aquest registre!

MARC

LEADER 00000nam a2200000 a 4500
001 UCX1501
003 CL-VaPUC
008 900905e19890000MX |||||||||||||||||spa|d
082 0 4 |a 501  |b CHA  |2 21 
100 0 |a Chalmers, Alan F  |e author  |9 317001 
245 1 0 |a Qué es esa cosa llamada ciencia?: una valoración de la naturaleza y el estatuto de la ciencia y sus métodos 
250 |a 8a. ed 
300 |a 246 p 
942 |c BK 
945 |d 19900905 00:00:00 
260 |a Ciudad de México  |b Siglo Veintiuno  |c 1989 
650 0 |a Filosofía de las ciencias  |9 256466 
650 0 |a Teoría del conocimiento   |9 255038 
583 |a last modification  |c 20150409 12:30:56  |k Rodrigo Vera 
490 0 |a Teoría 
999 |c 222714  |d 222712 
952 |0 0  |1 0  |4 0  |6 501_000000000000000_CHA_1989  |7 0  |8 A  |9 217849  |a FDOPOS  |b FDOPOS  |d 2019-11-15  |i 2867109  |l 2  |o 501 CHA 1989  |p 2867109  |r 2025-01-22  |s 2022-12-06  |w 2019-11-15  |y BK  |k MLA